[Event "Top 12 2021"]
[Site "Chalons en Champagne, France"]
[Date "2021.06.26"]
[Round "3.33"]
[White "Travadon, Loic GRA"]
[Black "Dourerassou, Jonathan VIL"]
[Result "1-0"]
[WhiteElo "2415"]
[BlackElo "2477"]

1. d4 {[%clk 01:30:54]} {[%emt 00:00:05]} e6 {[%clk 01:30:51]} {[%emt
00:00:09]} 2. c4 {[%clk 01:31:18]} {[%emt 00:00:07]} Nf6 {[%clk 01:31:15]}
{[%emt 00:00:05]} 3. Nc3 {[%clk 01:31:40]} {[%emt 00:00:08]} d5 {[%clk
01:31:40]} {[%emt 00:00:05]} 4. Nf3 {[%clk 01:31:20]} {[%emt 00:00:49]} Be7
{[%clk 01:31:58]} {[%emt 00:00:12]} 5. Bg5 {[%clk 01:31:28]} {[%emt 00:00:23]}
O-O {[%clk 01:31:00]} {[%emt 00:01:27]} 6. e3 {[%clk 01:31:53]} {[%emt
00:00:06]} dxc4 {[%clk 01:25:16]} {[%emt 00:06:14]} 7. Bxc4 {[%clk 01:32:05]}
{[%emt 00:00:17]} c5 {[%clk 01:25:40]} {[%emt 00:00:07]} 8. O-O {[%clk
01:28:58]} {[%emt 00:03:38]} Nbd7 {[%clk 01:23:57]} {[%emt 00:02:12]} 9. dxc5
{[%clk 01:28:06]} {[%emt 00:01:22]} Bxc5 {[%clk 01:21:36]} {[%emt 00:02:51]} 10.
Qe2 {[%clk 01:27:44]} {[%emt 00:00:52]} a6 {[%clk 01:21:33]} {[%emt 00:00:33]}
11. Rfd1 {[%clk 01:27:55]} {[%emt 00:00:20]} b5 {[%clk 01:19:15]} {[%emt
00:02:47]} 12. Bd3 {[%clk 01:28:19]} {[%emt 00:00:06]} Qb6 {[%clk 01:18:27]}
{[%emt 00:01:18]} 13. a4 {[%clk 01:24:12]} {[%emt 00:04:38]} b4 {[%clk
01:11:45]} {[%emt 00:07:11]} 14. a5 {[%clk 01:24:21]} {[%emt 00:00:21]} Qa7
{[%clk 01:12:02]} {[%emt 00:00:13]} 15. Na4 {[%clk 01:24:23]} {[%emt 00:00:30]}
Bb7 {[%clk 01:11:33]} {[%emt 00:00:58]} 16. Nxc5 {[%clk 01:19:01]} {[%emt
00:05:52]} Qxc5 {[%clk 01:08:47]} {[%emt 00:03:15]} 17. e4 {[%clk 01:18:06]}
{[%emt 00:01:25]} h6 {[%clk 01:01:27]} {[%emt 00:07:49]} 18. Be3 {[%clk
01:18:09]} {[%emt 00:00:27]} Qh5 {[%clk 00:58:15]} {[%emt 00:03:42]} 19. Nd2
{[%clk 01:17:54]} {[%emt 00:00:45]} Qh4 {[%clk 00:55:00]} {[%emt 00:03:45]} 20.
f3 {[%clk 01:12:03]} {[%emt 00:06:22]} Ne5 {[%clk 00:47:25]} {[%emt 00:08:05]}
21. Nc4 {[%clk 01:11:55]} {[%emt 00:00:38]} Nxd3 {[%clk 00:43:45]} {[%emt
00:04:10]} 22. Qxd3 {[%clk 01:12:18]} {[%emt 00:00:06]} Bc6 {[%clk 00:42:55]}
{[%emt 00:01:20]} 23. Bc5 {[%clk 01:11:04]} {[%emt 00:01:45]} Rfd8 {[%clk
00:29:09]} {[%emt 00:14:16]} 24. Qxd8+ {[%clk 01:11:23]} {[%emt 00:00:11]} Rxd8
{[%clk 00:29:32]} {[%emt 00:00:06]} 25. Rxd8+ {[%clk 01:11:50]} {[%emt
00:00:04]} Kh7 {[%clk 00:29:55]} {[%emt 00:00:07]} 26. Bf2 {[%clk 01:10:25]}
{[%emt 00:01:54]} Qg5 {[%clk 00:26:47]} {[%emt 00:03:37]} 27. Be3 {[%clk
01:10:22]} {[%emt 00:00:34]} Qh5 {[%clk 00:18:36]} {[%emt 00:08:41]} 28. Rc1
{[%clk 01:09:24]} {[%emt 00:01:29]} b3 {[%clk 00:12:03]} {[%emt 00:07:03]} 29.
h3 {[%clk 01:08:29]} {[%emt 00:01:25]} Nd7 {[%clk 00:07:24]} {[%emt 00:05:08]}
30. Rc8 {[%clk 01:08:20]} {[%emt 00:00:39]} Bb5 {[%clk 00:07:18]} {[%emt
00:00:36]} 31. Nd6 {[%clk 01:07:59]} {[%emt 00:00:50]} Qe5 {[%clk 00:06:46]}
{[%emt 00:01:02]} 32. Nxb5 {[%clk 01:06:19]} {[%emt 00:02:11]} Qxb5 {[%clk
00:07:11]} {[%emt 00:00:05]} 33. R8c3 {[%clk 01:02:44]} {[%emt 00:04:05]} Ne5
{[%clk 00:06:50]} {[%emt 00:00:51]} 34. Rd1 {[%clk 00:51:23]} {[%emt 00:11:51]}
f6 {[%clk 00:03:43]} {[%emt 00:03:36]} 35. f4 {[%clk 00:49:42]} {[%emt
00:02:11]} Nc4 {[%clk 00:03:54]} {[%emt 00:00:19]} 36. Bc1 {[%clk 00:50:05]}
{[%emt 00:00:07]} Nxa5 {[%clk 00:03:36]} {[%emt 00:00:48]} 37. Kh2 {[%clk
00:50:27]} {[%emt 00:00:07]} Nb7 {[%clk 00:01:58]} {[%emt 00:02:09]} 38. Be3
{[%clk 00:49:59]} {[%emt 00:00:58]} Na5 {[%clk 00:01:29]} {[%emt 00:00:59]} 39.
Rc7 {[%clk 00:49:07]} {[%emt 00:01:21]} Nc4 {[%clk 00:00:37]} {[%emt 00:01:23]}
40. Rdd7 {[%clk 01:19:21]} {[%emt 00:00:16]} Nxe3 {[%clk 00:30:50]} {[%emt
00:00:17]} 41. Rxg7+ {[%clk 01:19:46]} {[%emt 00:00:05]} Kh8 {[%clk 00:31:16]}
{[%emt 00:00:04]} 42. Rge7 {[%clk 01:19:28]} {[%emt 00:00:47]} Qb8 {[%clk
00:23:54]} {[%emt 00:07:53]} 43. Rh7+ {[%clk 01:19:53]} {[%emt 00:00:05]} Kg8
{[%clk 00:24:17]} {[%emt 00:00:08]} 44. Rcg7+ {[%clk 01:20:19]} {[%emt
00:00:04]} Kf8 {[%clk 00:24:42]} {[%emt 00:00:05]} 45. Rh8+ {[%clk 01:20:46]}
{[%emt 00:00:03]} Kxg7 {[%clk 00:25:07]} {[%emt 00:00:05]} 46. Rxb8 {[%clk
01:21:13]} {[%emt 00:00:03]} Nf1+ {[%clk 00:25:31]} {[%emt 00:00:07]} 47. Kg1
{[%clk 01:21:40]} {[%emt 00:00:03]} Nd2 {[%clk 00:25:56]} {[%emt 00:00:04]} 48.
Kf2 {[%clk 01:21:54]} {[%emt 00:00:16]} a5 {[%clk 00:25:10]} {[%emt 00:01:17]}
49. Ke3 {[%clk 01:21:56]} {[%emt 00:00:27]} Nc4+ {[%clk 00:24:50]} {[%emt
00:00:50]} 50. Kd4 {[%clk 01:22:21]} {[%emt 00:00:05]} Nxb2 {[%clk 00:24:09]}
{[%emt 00:01:11]} 51. Rxb3 {[%clk 01:22:44]} {[%emt 00:00:07]} Nd1 {[%clk
00:24:35]} {[%emt 00:00:04]} 52. Rb1 {[%clk 01:23:00]} {[%emt 00:00:14]} 1-0

[Event "Top 12 2021"]
[Site "Chalons en Champagne, France"]
[Date "2021.06.26"]
[Round "3.34"]
[White "Sochacki, Christophe VIL"]
[Black "Barbot, Pierre GRA"]
[Result "1/2-1/2"]
[WhiteElo "2494"]
[BlackElo "2443"]

1. e4 {[%clk 01:30:51]} {[%emt 00:00:08]} e5 {[%clk 01:30:54]} {[%emt
00:00:06]} 2. Nf3 {[%clk 01:31:15]} {[%emt 00:00:06]} Nc6 {[%clk 01:31:21]}
{[%emt 00:00:04]} 3. Bb5 {[%clk 01:31:40]} {[%emt 00:00:05]} a6 {[%clk
01:31:27]} {[%emt 00:00:23]} 4. Ba4 {[%clk 01:32:06]} {[%emt 00:00:04]} Nf6
{[%clk 01:31:50]} {[%emt 00:00:07]} 5. O-O {[%clk 01:32:19]} {[%emt 00:00:17]}
Be7 {[%clk 01:32:11]} {[%emt 00:00:09]} 6. Re1 {[%clk 01:32:25]} {[%emt
00:00:24]} b5 {[%clk 01:32:36]} {[%emt 00:00:05]} 7. Bb3 {[%clk 01:32:52]}
{[%emt 00:00:03]} O-O {[%clk 01:32:30]} {[%emt 00:00:37]} 8. h3 {[%clk
01:33:02]} {[%emt 00:00:20]} d6 {[%clk 01:32:46]} {[%emt 00:00:13]} 9. c3
{[%clk 01:32:35]} {[%emt 00:00:57]} Bb7 {[%clk 01:33:11]} {[%emt 00:00:05]} 10.
d4 {[%clk 01:32:05]} {[%emt 00:01:00]} Nd7 {[%clk 01:32:32]} {[%emt 00:01:09]}
11. Nbd2 {[%clk 01:27:47]} {[%emt 00:04:48]} exd4 {[%clk 01:32:51]} {[%emt
00:00:11]} 12. cxd4 {[%clk 01:28:12]} {[%emt 00:00:06]} Bf6 {[%clk 01:33:18]}
{[%emt 00:00:03]} 13. Nf1 {[%clk 01:27:17]} {[%emt 00:01:25]} Re8 {[%clk
01:33:17]} {[%emt 00:00:31]} 14. Bf4 {[%clk 01:15:41]} {[%emt 00:12:05]} Na5
{[%clk 01:26:52]} {[%emt 00:06:54]} 15. Bc2 {[%clk 01:04:24]} {[%emt 00:11:47]}
c5 {[%clk 01:20:41]} {[%emt 00:06:42]} 16. Bxd6 {[%clk 00:39:51]} {[%emt
00:25:03]} cxd4 {[%clk 01:13:30]} {[%emt 00:07:42]} 17. e5 {[%clk 00:31:29]}
{[%emt 00:08:51]} Bxf3 {[%clk 01:07:32]} {[%emt 00:06:28]} 18. Qd3 {[%clk
00:31:55]} {[%emt 00:00:04]} g6 {[%clk 01:06:41]} {[%emt 00:01:21]} 19. exf6
{[%clk 00:32:20]} {[%emt 00:00:04]} Qb6 {[%clk 00:52:06]} {[%emt 00:15:05]} 20.
Be7 {[%clk 00:24:43]} {[%emt 00:08:07]} Bb7 {[%clk 00:50:56]} {[%emt 00:01:40]}
21. b4 {[%clk 00:09:24]} {[%emt 00:15:50]} Nc4 {[%clk 00:43:46]} {[%emt
00:07:39]} 22. Bb3 {[%clk 00:09:26]} {[%emt 00:00:28]} Nxf6 {[%clk 00:43:40]}
{[%emt 00:00:35]} 23. Bxc4 {[%clk 00:06:19]} {[%emt 00:03:38]} bxc4 {[%clk
00:41:01]} {[%emt 00:03:08]} 1/2-1/2

[Event "Top 12 2021"]
[Site "Chalons en Champagne, France"]
[Date "2021.06.26"]
[Round "3.35"]
[White "Loiseau, Quentin GRA"]
[Black "Dutreuil, Raphael VIL"]
[Result "1-0"]
[WhiteElo "2459"]
[BlackElo "2309"]

1. d4 {[%clk 01:30:57]} {[%emt 00:00:02]} Nf6 {[%clk 01:28:36]} {[%emt
00:02:25]} 2. c4 {[%clk 01:31:23]} {[%emt 00:00:04]} e6 {[%clk 01:28:55]}
{[%emt 00:00:11]} 3. Nf3 {[%clk 01:31:35]} {[%emt 00:00:17]} Bb4+ {[%clk
01:28:14]} {[%emt 00:01:11]} 4. Nbd2 {[%clk 01:28:22]} {[%emt 00:03:43]} O-O
{[%clk 01:28:11]} {[%emt 00:00:33]} 5. a3 {[%clk 01:28:26]} {[%emt 00:00:26]}
Be7 {[%clk 01:27:23]} {[%emt 00:01:17]} 6. e4 {[%clk 01:25:55]} {[%emt
00:03:01]} d6 {[%clk 01:26:47]} {[%emt 00:01:06]} 7. Be2 {[%clk 01:24:14]}
{[%emt 00:02:10]} Nfd7 {[%clk 01:24:05]} {[%emt 00:03:12]} 8. O-O {[%clk
01:22:42]} {[%emt 00:02:03]} e5 {[%clk 01:24:29]} {[%emt 00:00:07]} 9. Rb1
{[%clk 01:13:47]} {[%emt 00:09:25]} a5 {[%clk 01:10:37]} {[%emt 00:14:22]} 10.
b3 {[%clk 01:12:01]} {[%emt 00:02:16]} c5 {[%clk 00:52:51]} {[%emt 00:18:15]}
11. d5 {[%clk 01:03:36]} {[%emt 00:08:56]} g6 {[%clk 00:53:03]} {[%emt
00:00:18]} 12. Ne1 {[%clk 01:02:48]} {[%emt 00:01:18]} Na6 {[%clk 00:40:15]}
{[%emt 00:13:18]} 13. Nd3 {[%clk 00:57:31]} {[%emt 00:05:46]} Nc7 {[%clk
00:27:06]} {[%emt 00:13:40]} 14. Bb2 {[%clk 00:54:23]} {[%emt 00:03:38]} Bg5
{[%clk 00:09:21]} {[%emt 00:18:16]} 15. g3 {[%clk 00:51:34]} {[%emt 00:03:18]}
Bxd2 {[%emt 00:03:24]} 16. Qxd2 {[%clk 00:51:35]} {[%emt 00:00:05]} f5 {[%clk
00:07:05]} {[%emt 00:00:16]} 17. exf5 {[%clk 00:51:38]} {[%emt 00:00:27]} gxf5
{[%clk 00:07:27]} {[%emt 00:00:08]} 18. Qh6 {[%clk 00:43:51]} {[%emt 00:08:18]}
Qf6 {[%clk 00:06:33]} {[%emt 00:01:24]} 19. Qh3 {[%clk 00:38:46]} {[%emt
00:05:35]} Qg6 {[%clk 00:05:45]} {[%emt 00:01:18]} 20. f4 {[%clk 00:34:49]}
{[%emt 00:04:27]} Qe8 {[%clk 00:00:38]} {[%emt 00:05:37]} 21. fxe5 {[%clk
00:29:30]} {[%emt 00:05:49]} Nxe5 {[%clk 00:00:49]} {[%emt 00:00:19]} 22. Bh5
{[%clk 00:28:31]} {[%emt 00:01:29]} Ng6 {[%clk 00:00:34]} {[%emt 00:00:45]} 23.
Rbe1 {[%clk 00:28:41]} {[%emt 00:00:19]} f4 {[%clk 00:00:41]} {[%emt 00:00:24]}
24. g4 {[%clk 00:28:52]} {[%emt 00:00:19]} Qf7 {[%clk 00:00:49]} {[%emt
00:00:21]} 25. Nxf4 {[%clk 00:28:41]} {[%emt 00:00:40]} Qxf4 {[%clk 00:00:39]}
{[%emt 00:00:40]} 26. Rxf4 {[%clk 00:28:48]} {[%emt 00:00:22]} Rxf4 {[%clk
00:00:58]} {[%emt 00:00:12]} 27. Qc3 {[%clk 00:25:07]} {[%emt 00:04:12]} Rd4
{[%clk 00:00:31]} {[%emt 00:00:57]} 28. Qe3 {[%clk 00:24:58]} {[%emt 00:00:38]}
Bxg4 {[%clk 00:00:38]} {[%emt 00:00:23]} 29. Bxg6 {[%clk 00:25:04]} {[%emt
00:00:23]} hxg6 {[%clk 00:00:59]} {[%emt 00:00:10]} 30. Qh6 {[%clk 00:24:38]}
{[%emt 00:00:56]} 1-0

[Event "Top 12 2021"]
[Site "Chalons en Champagne, France"]
[Date "2021.06.26"]
[Round "3.36"]
[White "Cantin, Loic VIL"]
[Black "Apicella, Manuel GRA"]
[Result "1/2-1/2"]
[WhiteElo "2182"]
[BlackElo "2506"]

1. d4 {[%clk 01:30:53]} {[%emt 00:00:06]} Nf6 {[%clk 01:30:48]} {[%emt
00:00:12]} 2. Nf3 {[%clk 01:31:07]} {[%emt 00:00:17]} g6 {[%clk 01:31:00]}
{[%emt 00:00:18]} 3. c4 {[%clk 01:31:12]} {[%emt 00:00:25]} Bg7 {[%clk
01:31:17]} {[%emt 00:00:13]} 4. Nc3 {[%clk 01:31:19]} {[%emt 00:00:23]} d6
{[%clk 01:31:10]} {[%emt 00:00:37]} 5. e4 {[%clk 01:31:18]} {[%emt 00:00:32]}
O-O {[%clk 01:31:24]} {[%emt 00:00:15]} 6. h3 {[%clk 01:31:05]} {[%emt
00:00:44]} Nbd7 {[%clk 01:29:54]} {[%emt 00:01:59]} 7. Bg5 {[%clk 01:28:53]}
{[%emt 00:02:43]} h6 {[%clk 01:27:46]} {[%emt 00:02:38]} 8. Be3 {[%clk
01:27:34]} {[%emt 00:01:48]} e5 {[%clk 01:27:51]} {[%emt 00:00:25]} 9. d5
{[%clk 01:26:50]} {[%emt 00:01:14]} Nc5 {[%clk 01:27:22]} {[%emt 00:00:59]} 10.
Nd2 {[%clk 01:26:10]} {[%emt 00:01:12]} a5 {[%clk 01:24:58]} {[%emt 00:02:53]}
11. g4 {[%clk 01:17:02]} {[%emt 00:09:39]} c6 {[%clk 01:23:56]} {[%emt
00:01:31]} 12. Be2 {[%clk 01:15:50]} {[%emt 00:01:43]} a4 {[%clk 01:18:12]}
{[%emt 00:06:14]} 13. a3 {[%clk 01:08:45]} {[%emt 00:07:35]} Qa5 {[%clk
01:16:23]} {[%emt 00:02:19]} 14. f3 {[%clk 01:04:16]} {[%emt 00:05:00]} Bd7
{[%clk 01:07:44]} {[%emt 00:09:08]} 15. Rb1 {[%clk 00:55:19]} {[%emt 00:09:27]}
Nh7 {[%clk 01:01:02]} {[%emt 00:07:13]} 16. O-O {[%clk 00:52:41]} {[%emt
00:03:08]} f5 {[%clk 00:58:17]} {[%emt 00:03:14]} 17. Kg2 {[%clk 00:48:30]}
{[%emt 00:04:13]} cxd5 {[%clk 00:50:32]} {[%emt 00:08:14]} 18. cxd5 {[%clk
00:35:31]} {[%emt 00:13:59]} b5 {[%clk 00:49:30]} {[%emt 00:01:31]} 19. b4
{[%clk 00:29:45]} {[%emt 00:06:16]} axb3 {[%clk 00:49:15]} {[%emt 00:00:45]} 20.
Nxb3 {[%clk 00:28:26]} {[%emt 00:01:49]} Qxa3 {[%clk 00:43:15]} {[%emt
00:06:30]} 21. Nxc5 {[%clk 00:27:16]} {[%emt 00:01:40]} dxc5 {[%clk 00:43:20]}
{[%emt 00:00:25]} 22. Rb3 {[%clk 00:27:11]} {[%emt 00:00:35]} Qa5 {[%clk
00:40:35]} {[%emt 00:03:15]} 23. Bxc5 {[%clk 00:21:00]} {[%emt 00:06:41]} Rfc8
{[%clk 00:38:28]} {[%emt 00:02:37]} 24. Ra3 {[%clk 00:20:49]} {[%emt 00:00:42]}
Qc7 {[%clk 00:37:36]} {[%emt 00:01:21]} 25. Rxa8 {[%clk 00:21:00]} {[%emt
00:00:20]} Rxa8 {[%clk 00:37:59]} {[%emt 00:00:07]} 26. Bb4 {[%clk 00:21:04]}
{[%emt 00:00:25]} Nf6 {[%clk 00:37:27]} {[%emt 00:01:01]} 27. Qd2 {[%clk
00:15:44]} {[%emt 00:05:51]} Qb6 {[%clk 00:34:35]} {[%emt 00:03:22]} 28. Rb1
{[%clk 00:14:39]} {[%emt 00:01:34]} Qd4 {[%clk 00:29:01]} {[%emt 00:06:04]} 29.
Bd3 {[%clk 00:12:05]} {[%emt 00:03:04]} fxe4 {[%clk 00:26:37]} {[%emt
00:02:55]} 30. fxe4 {[%clk 00:12:15]} {[%emt 00:00:20]} Bf8 {[%clk 00:24:35]}
{[%emt 00:02:31]} 31. Bxf8 {[%clk 00:07:40]} {[%emt 00:05:05]} Rxf8 {[%clk
00:24:38]} {[%emt 00:00:27]} 32. Rf1 {[%clk 00:07:25]} {[%emt 00:00:45]} Kg7
{[%clk 00:22:31]} {[%emt 00:02:36]} 33. Ne2 {[%clk 00:06:49]} {[%emt 00:01:07]}
Nxe4 {[%clk 00:18:26]} {[%emt 00:04:35]} 34. Nxd4 {[%clk 00:06:44]} {[%emt
00:00:35]} Nxd2 {[%clk 00:18:50]} {[%emt 00:00:05]} 35. Rxf8 {[%clk 00:06:50]}
{[%emt 00:00:24]} Kxf8 {[%clk 00:19:16]} {[%emt 00:00:04]} 36. Nc6 {[%clk
00:04:56]} {[%emt 00:02:25]} e4 {[%clk 00:09:43]} {[%emt 00:10:03]} 37. Bxb5
{[%clk 00:05:16]} {[%emt 00:00:10]} e3 {[%clk 00:09:24]} {[%emt 00:00:49]} 38.
Bd3 {[%clk 00:04:55]} {[%emt 00:00:51]} g5 {[%clk 00:08:50]} {[%emt 00:01:03]}
39. Nd4 {[%clk 00:04:42]} {[%emt 00:00:42]} Ke7 {[%clk 00:08:21]} {[%emt
00:01:00]} 40. Nc2 {[%clk 00:32:52]} {[%emt 00:02:21]} Kd6 {[%clk 00:37:22]}
{[%emt 00:01:29]} 41. Nxe3 {[%clk 00:30:53]} {[%emt 00:02:28]} Ke5 {[%clk
00:34:08]} {[%emt 00:03:44]} 42. Bc2 {[%clk 00:16:52]} {[%emt 00:14:31]} Kd4
{[%clk 00:27:53]} {[%emt 00:06:45]} 43. Kf2 {[%clk 00:07:53]} {[%emt 00:09:29]}
Nc4 {[%clk 00:26:36]} {[%emt 00:01:47]} 44. Nxc4 {[%clk 00:07:12]} {[%emt
00:01:11]} Kxc4 {[%clk 00:27:01]} {[%emt 00:00:05]} 45. Be4 {[%clk 00:07:04]}
{[%emt 00:00:38]} Kd4 {[%clk 00:26:26]} {[%emt 00:01:05]} 46. Bg2 {[%clk
00:07:03]} {[%emt 00:00:31]} Bb5 {[%clk 00:25:01]} {[%emt 00:01:55]} 47. Bf3
{[%clk 00:05:07]} {[%emt 00:02:26]} Ke5 {[%clk 00:25:05]} {[%emt 00:00:26]} 48.
Kg3 {[%clk 00:03:52]} {[%emt 00:01:46]} Bc4 {[%clk 00:25:21]} {[%emt 00:00:14]}
49. h4 {[%clk 00:03:52]} {[%emt 00:00:30]} Bxd5 {[%clk 00:25:44]} {[%emt
00:00:06]} 50. Bd1 {[%clk 00:04:16]} {[%emt 00:00:06]} 1/2-1/2

[Event "Top 12 2021"]
[Site "Chalons en Champagne, France"]
[Date "2021.06.26"]
[Round "3.37"]
[White "Wirig, Anthony GRA"]
[Black "Caille, Vincent VIL"]
[Result "1-0"]
[WhiteElo "2500"]
[BlackElo "2180"]

1. d4 {[%clk 01:30:45]} {[%emt 00:00:14]} Nf6 {[%clk 01:30:52]} {[%emt
00:00:09]} 2. Nf3 {[%clk 01:30:34]} {[%emt 00:00:40]} c5 {[%clk 01:29:46]}
{[%emt 00:01:37]} 3. d5 {[%clk 01:27:50]} {[%emt 00:03:14]} b5 {[%clk
01:30:05]} {[%emt 00:00:12]} 4. Bg5 {[%clk 01:27:20]} {[%emt 00:00:59]} Qb6
{[%clk 01:30:23]} {[%emt 00:00:13]} 5. a4 {[%clk 01:26:20]} {[%emt 00:01:29]}
bxa4 {[%clk 01:14:15]} {[%emt 00:16:38]} 6. Nc3 {[%clk 01:24:16]} {[%emt
00:02:34]} Bb7 {[%clk 01:03:15]} {[%emt 00:11:30]} 7. e4 {[%clk 01:13:56]}
{[%emt 00:10:49]} e6 {[%clk 00:43:14]} {[%emt 00:20:32]} 8. Bxf6 {[%clk
00:59:36]} {[%emt 00:14:49]} gxf6 {[%clk 00:43:07]} {[%emt 00:00:37]} 9. Nd2
{[%clk 00:49:46]} {[%emt 00:10:20]} Qxb2 {[%clk 00:19:56]} {[%emt 00:23:42]} 10.
Nb5 {[%clk 00:46:38]} {[%emt 00:03:38]} Qe5 {[%clk 00:18:12]} {[%emt 00:02:14]}
11. Be2 {[%clk 00:44:49]} {[%emt 00:02:19]} exd5 {[%clk 00:09:58]} {[%emt
00:08:44]} 12. exd5 {[%clk 00:44:45]} {[%emt 00:00:33]} Bxd5 {[%clk 00:08:32]}
{[%emt 00:01:57]} 13. O-O {[%clk 00:42:16]} {[%emt 00:03:00]} Nc6 {[%clk
00:04:01]} {[%emt 00:05:01]} 14. Nf3 {[%clk 00:41:20]} {[%emt 00:01:25]} Bxf3
{[%clk 00:02:05]} {[%emt 00:02:28]} 15. Bxf3 {[%clk 00:41:31]} {[%emt
00:00:18]} Rb8 {[%clk 00:01:20]} {[%emt 00:01:15]} 16. Re1 {[%clk 00:38:52]}
{[%emt 00:03:09]} Rxb5 {[%clk 00:01:33]} {[%emt 00:00:17]} 17. Bxc6 {[%clk
00:38:40]} {[%emt 00:00:42]} dxc6 {[%clk 00:01:48]} {[%emt 00:00:15]} 18. Qf3
{[%clk 00:38:39]} {[%emt 00:00:31]} Kd7 {[%clk 00:00:38]} {[%emt 00:01:40]} 19.
Rxe5 {[%clk 00:39:05]} {[%emt 00:00:04]} fxe5 {[%clk 00:01:03]} {[%emt
00:00:06]} 20. Qf5+ {[%clk 00:39:30]} {[%emt 00:00:05]} Kc7 {[%clk 00:00:36]}
{[%emt 00:00:57]} 21. Qxe5+ {[%clk 00:39:53]} {[%emt 00:00:07]} Bd6 {[%clk
00:00:57]} {[%emt 00:00:09]} 22. Qxh8 {[%clk 00:40:13]} {[%emt 00:00:09]} a3
{[%clk 00:01:21]} {[%emt 00:00:07]} 23. c4 {[%clk 00:37:54]} {[%emt 00:02:49]}
Rb3 {[%clk 00:00:59]} {[%emt 00:00:52]} 24. g3 {[%clk 00:38:11]} {[%emt
00:00:13]} 1-0

[Event "Top 12 2021"]
[Site "Chalons en Champagne, France"]
[Date "2021.06.26"]
[Round "3.38"]
[White "Maatoug, Redwan VIL"]
[Black "Milliet, Sophie GRA"]
[Result "1/2-1/2"]
[WhiteElo "2202"]
[BlackElo "2407"]

1. e4 {[%clk 01:30:54]} {[%emt 00:00:06]} d6 {[%clk 01:30:52]} {[%emt
00:00:09]} 2. Nc3 {[%clk 01:30:49]} {[%emt 00:00:35]} Nf6 {[%clk 01:29:31]}
{[%emt 00:01:51]} 3. f4 {[%clk 01:30:47]} {[%emt 00:00:32]} e5 {[%clk
01:27:41]} {[%emt 00:02:19]} 4. Nf3 {[%clk 01:31:05]} {[%emt 00:00:12]} Be7
{[%clk 01:27:48]} {[%emt 00:00:24]} 5. Bc4 {[%clk 01:28:04]} {[%emt 00:03:31]}
O-O {[%clk 01:28:04]} {[%emt 00:00:14]} 6. d3 {[%clk 01:28:28]} {[%emt
00:00:06]} Bg4 {[%clk 01:18:54]} {[%emt 00:09:41]} 7. O-O {[%clk 01:11:59]}
{[%emt 00:16:59]} Nc6 {[%clk 01:18:15]} {[%emt 00:01:09]} 8. h3 {[%clk
01:12:26]} {[%emt 00:00:03]} Bxf3 {[%clk 01:18:19]} {[%emt 00:00:26]} 9. Qxf3
{[%clk 01:04:29]} {[%emt 00:08:27]} Nd4 {[%clk 01:18:41]} {[%emt 00:00:08]} 10.
Qd1 {[%clk 01:04:57]} {[%emt 00:00:01]} c6 {[%clk 01:17:46]} {[%emt 00:01:25]}
11. fxe5 {[%clk 00:42:42]} {[%emt 00:22:45]} dxe5 {[%clk 01:17:41]} {[%emt
00:00:35]} 12. a3 {[%clk 00:43:07]} {[%emt 00:00:05]} Ne8 {[%clk 00:56:15]}
{[%emt 00:21:56]} 13. Ne2 {[%clk 00:37:54]} {[%emt 00:05:43]} Bc5 {[%clk
00:54:02]} {[%emt 00:02:43]} 14. Nxd4 {[%clk 00:38:11]} {[%emt 00:00:13]} Bxd4+
{[%clk 00:54:09]} {[%emt 00:00:23]} 15. Kh2 {[%clk 00:38:25]} {[%emt 00:00:17]}
Nd6 {[%clk 00:54:05]} {[%emt 00:00:34]} 16. Ba2 {[%clk 00:38:40]} {[%emt
00:00:15]} Qe7 {[%clk 00:43:31]} {[%emt 00:11:04]} 17. Qg4 {[%clk 00:37:54]}
{[%emt 00:01:16]} Kh8 {[%clk 00:42:59]} {[%emt 00:01:01]} 18. c3 {[%clk
00:36:21]} {[%emt 00:02:03]} Bb6 {[%clk 00:43:17]} {[%emt 00:00:13]} 19. Bg5
{[%clk 00:36:12]} {[%emt 00:00:39]} f6 {[%clk 00:43:28]} {[%emt 00:00:19]} 20.
Bh4 {[%clk 00:36:40]} {[%emt 00:00:02]} Rad8 {[%clk 00:33:21]} {[%emt
00:10:36]} 21. Rf3 {[%clk 00:33:09]} {[%emt 00:04:00]} Nf7 {[%clk 00:31:18]}
{[%emt 00:02:34]} 22. Raf1 {[%clk 00:22:00]} {[%emt 00:11:39]} Rd6 {[%clk
00:31:04]} {[%emt 00:00:44]} 23. Be1 {[%clk 00:19:46]} {[%emt 00:02:44]} Rfd8
{[%clk 00:26:30]} {[%emt 00:05:04]} 24. Bh4 {[%clk 00:12:04]} {[%emt 00:08:13]}
Nh6 {[%clk 00:13:40]} {[%emt 00:13:19]} 25. Qh5 {[%clk 00:05:58]} {[%emt
00:06:36]} Qe8 {[%clk 00:14:06]} {[%emt 00:00:04]} 26. Qxe8+ {[%clk 00:02:25]}
{[%emt 00:04:03]} Rxe8 {[%clk 00:14:34]} {[%emt 00:00:02]} 27. g4 {[%clk
00:02:49]} {[%emt 00:00:07]} g5 {[%clk 00:04:42]} {[%emt 00:10:22]} 28. Rxf6
{[%clk 00:01:19]} {[%emt 00:01:59]} Rxf6 {[%clk 00:05:09]} {[%emt 00:00:03]} 29.
Rxf6 {[%clk 00:01:47]} {[%emt 00:00:02]} gxh4 {[%clk 00:05:35]} {[%emt
00:00:05]} 30. Rxh6 {[%clk 00:02:15]} {[%emt 00:00:02]} Rf8 {[%clk 00:05:50]}
{[%emt 00:00:14]} 31. Rxh4 {[%clk 00:00:40]} {[%emt 00:02:05]} Rf2+ {[%clk
00:06:16]} {[%emt 00:00:04]} 32. Kh1 {[%clk 00:01:04]} {[%emt 00:00:04]} Rf1+
{[%clk 00:06:16]} {[%emt 00:00:31]} 33. Kg2 {[%clk 00:01:07]} {[%emt 00:00:23]}
Rf2+ {[%clk 00:06:40]} {[%emt 00:00:11]} 34. Kh1 {[%clk 00:01:23]} {[%emt
00:00:14]} Rf1+ {[%clk 00:04:53]} {[%emt 00:02:17]} 35. Kg2 {[%clk 00:01:50]}
{[%emt 00:00:03]} Rf2+ {[%emt 00:00:59]} 1/2-1/2